| 000 | 00935nam a22002177a 4500 | ||
|---|---|---|---|
| 003 | OSt | ||
| 005 | 20260128093927.0 | ||
| 008 | 230606b ||||| |||| 00| 0 eng d | ||
| 040 | _cSSBUL | ||
| 041 | _ashan | ||
| 082 |
_223 _a959.116 |
||
| 100 | 0 |
_aသၢႆလႅင်း(ၼမ်ႉၽိတ်ႉၽူး)၊ _cၸၢႆး။ _925323 |
|
| 245 | 1 | 0 |
_aဝၢၼ်ႈတႆး ၼႂ်းထုင်ႉဝဵင်းႁူဝ်ပၢင်ႇလူင် / _cၸၢႆးသၢႆလႅင်း(ၼမ်ႉၽိတ်ႉၽူး)။ |
| 260 |
_aဝဵင်းတႃႈလိူဝ်ႇ၊ _bတႆးၵမ်ႇပေႃးၸ၊ _c2018 ။ |
||
| 300 |
_avi, 172 ၼႃႈ၊ _bပႃးၶႅပ်းႁၢင်ႈ၊ _c21 ၸိၼ်ႇတီႇ။ |
||
| 500 | _a S-SAT: Dr. Prof Sai Aung Tun | ||
| 650 |
_aပိုၼ်းမိူင်းတႆး _925324 |
||
| 942 | _cBK | ||
| 942 | _2ddc | ||
| 942 | _2ddc | ||
| 999 |
_c25341 _d25341 |
||